American printer

Detalles Bibliográficos
Título anterior:American printer and lithographer (Chicago, Ill.)
Formato: Electrónico Revista
Lenguaje:inglés
Publicado: Chicago : Maclean Hunter Pub. Corp., ©1982-
Materias:
Acceso en línea:Full text available from Research Library: 11/01/1987 to 11/12/2011

MARC

LEADER 00000nas a2200000 a 4500
001 ssj0004508
003 WaSeSS
005 20200512172242.0
006 m d
007 cr n
008 010201c19829999ilumn p s 0 a0eng c
010 |a  2008212335 
022 |a 1945-2543  |l 0744-6616  |y 0744-6616 
035 |a (WaSeSS)ssj0004508 
037 |b Maclean Hunter Pub. Corp., 300 W. Adams St., Chicago, IL 60606 
040 |a AAA  |b eng  |c AAA  |d OCL  |d OCLCQ  |d TXU  |d OCLCQ  |d NSD  |d LGG  |d OCLCQ  |d OCLCF  |d OCLCO  |d VT2  |d OCLCQ  |d WaSeSS 
042 |a nsdp  |a pcc 
043 |a n-us--- 
050 1 4 |a Z119  |b .I56 
082 0 |a 686.2/05 
130 0 |a American printer (Chicago, Ill. : Online) 
222 0 |a American printer  |b (Chicago, Ill. : Online) 
245 1 0 |a American printer  |h [electronic resource]. 
260 |a Chicago :  |b Maclean Hunter Pub. Corp.,  |c ©1982- 
310 |a Monthly (except semimonthly in Aug.),  |b <July 1991>- 
321 |a Monthly,  |b 1982-<June 1991> 
362 0 |a Vol. 188, no. 4 (Jan. 1982)- 
500 |a Title from journal information screen. 
506 |a License restrictions may limit access. 
538 |a Mode of access: World Wide Web. 
650 0 |a Printing  |v Periodicals. 
650 0 |a Printing  |z United States  |v Periodicals. 
650 7 |a Printing.  |2 fast  |0 (OCoLC)fst01076612 
651 7 |a United States.  |2 fast  |0 (OCoLC)fst01204155 
655 0 |a Electronic journals. 
776 1 |c Microfilm  |d University Microfilms International  |w (OCoLC)11575270 
776 1 |c Microfiche  |d University Microfilms International  |w (OCoLC)11770126 
776 1 |t American printer (Chicago, Ill.)  |x 0744-6616  |w (DLC) 82641596  |w (OCoLC)8162333 
776 1 |t American printer computer file  |w (OCoLC)27322346 
780 0 0 |t American printer and lithographer (Chicago, Ill.)  |x 0744-6616  |w (DLC) 82641396  |w (OCoLC)8162333 
856 4 0 |z Full text available from Research Library: 11/01/1987 to 11/12/2011  |u https://search.proquest.com/publication/41053